| 000 | 00461cam a2200145K 4500 | ||
|---|---|---|---|
| 082 |
_a536 _bEDS _cL-6, P-19 |
||
| 100 | 1 |
_aEdser, Edwin, _939735 |
|
| 245 | 1 | 0 |
_aHeat for advanced students _bEdser, Edwin, |
| 260 |
_aLondon, _bMacmillan, _c1920. |
||
| 300 |
_a1 online resource (492 p.) _billus. |
||
| 526 |
_a0 _b0 _c0 _d536_000000000000000_EDS |
||
| 650 | 0 |
_aHeat. _939745 |
|
| 856 | 4 | 0 | _uhttp://catalog.hathitrust.org/api/volumes/oclc/19754484.html |
| 942 |
_2ddc _cBK |
||
| 999 |
_c544438 _d544438 |
||